| 000 | 00000nas##2200000za#4500 |
|---|---|
| 001 | 9.509299 |
| 003 | CaOODSP |
| 005 | 20250129103523 |
| 007 | ta |
| 008 | 150406c1991||||xxc|| m #||||f| |0fre|d |
| 022 | |a0835-3980 |
| 040 | |aCaOODSP|bfre |
| 041 | |aeng |
| 041 | |afre |
| 043 | |an-cn--- |
| 086 | 1 |aEn57-27 |
| 110 | 2 |aService météorologique du Canada. |
| 245 | 10|aSommaire du changement climatique |
| 260 | |aDownsview - Ontario : |bEnvironnement Canada. |
| 546 | |aBilingue |
| 563 | |aCouverture souple |
| 791 | |tClimate change digest |eeng|w(CaOODSP)9.509298 |